Alberto Nin Frías : una tumba en busca de sus deudos /

Enregistré dans:
Détails bibliographiques
Auteur principal: Assandri, José (autor)
Format: Livre
Langue:espagnol
Publié: Montevideo, Uruguay : Estuario, 2018, c2018
Collection:(Estuario Ensayo Biográfico)
Sujets:
Tags: Ajouter un tag
Pas de tags, Soyez le premier à ajouter un tag!

MARC

LEADER 00000nam^a2200000^a^4500
001 000579297
005 20250521000000.0
009 20260310132526.334
020 |a 978-9974-882-43-0 
037 |a Acervo ITESO - Biblioteca 
041 |a ESP 
082 |a 860. 989506  |b ASS 
100 |a Assandri, José  |e (autor) 
245 1 0 |a Alberto Nin Frías :  |b una tumba en busca de sus deudos /  |c J. Assandri ; pref. de David Donnovan. 
264 4 |a Montevideo, Uruguay :  |b Estuario,  |c 2018, c2018 
300 |a 442 p. 
336 |a texto  |b txt  |2 rdacontenido 
337 |a sin mediación  |b n  |2 rdamedio 
338 |a volumen  |b nc  |2 rdasoporte 
440 1 |a (Estuario Ensayo Biográfico) 
521 |a FIL 2023 DIA 
649 |a XX 
650 |a Escritores Uruguayos -  |x Biografías 
650 |a Homosexuales Uruguayos -  |x Biografías 
650 |a Uruguayos en Santa Fe, Argentina -  |x Historia -  |y 1910-1946 
650 |a Uruguayos en Santa Fe, Argentina -  |x Historia -  |y Siglo XX 
650 |a Uruguayos en Argentina -  |x Historia -  |y 1910-1946 
650 |a Uruguayos en Argentina -  |x Historia -  |y Siglo XX 
650 |a Literatura Gay y Lésbica -  |z Uruguay -  |x Historia y Crítica 
650 |a Literatura y Sociedad -  |z Uruguay -  |x Historia y Crítica 
650 |a Literatura Uruguaya -  |x Historia y Crítica 
650 |a Literatura Uruguaya -  |y Siglo XX 
650 |a Uruguay -  |x Historia -  |y 1886-1917 
650 |a Uruguay -  |x Historia -  |y Siglo XX 
650 |a Santa Fe, Argentina -  |x Historia -  |y 1910-1946 
650 |a Santa Fe, Argentina -  |x Historia -  |y Siglo XX 
650 |a Argentina -  |x Historia -  |y 1910-1946 
650 |a Argentina -  |x Historia -  |y Siglo XX 
650 |a Nin Frías, Alberto -  |x Tema Principal 
910 |a Fondo General 
920 |a Impresos - Libros 
930 |a Colección General 
940 |a Literatura 
905 |a 101 
901 |a 0500405972  |b IT1  |c LIT  |i C184976  |u 20250521 
902 |a https://opac.biblio.iteso.mx/vufind/Record/000579297